000 00477nam a2200181 i 4500
001 142057
003 ES-MaACL
005 20230906200432.0
007 t|
008 071002s1984 fr ||||1| fre d
020 _a2-67-00363-5
080 _a711
100 1 _aVirilio, Paul.
_9115460
245 1 1 _aL'espace critique
_b: essai /
_cPaul Virilio.
260 _aParis :
_bChristian Bourgois,
_c1984.
300 _a187 p. ;
_c20 cm.
852 _aES-MaACL
_jL-11263
_bR.112910
999 _c142057
_d142057